Score 0/18 Timer 04:00
3 Plays Today
Scrambled Nickname Unscrambled Nickname % Correct
CHEAPPEACH
94.5%
NOEL ARTSLONE STAR
92.5%
EPNI ETREPINE TREE
92.2%
BOWYCOCOWBOY
91%
LIVERSSILVER
87.7%
RETAG KALESGREAT LAKES
85.5%
LOD ONIONDIMOLD DOMINION
77.5%
EVEBARBEAVER
66.6%
HEM-SOWSHOW-ME
56.2%
Scrambled Nickname Unscrambled Nickname % Correct
TUTSNOTIONICCONSTITUTION
51.9%
DANL FO MENCENTTHANLAND OF ENCHANTMENT
47.9%
GARBEDBADGER
41.5%
IREPAIRPRAIRIE
40.6%
FLUWORSENSUNFLOWER
40.2%
CAPEE GANDERPEACE GARDEN
29.5%
TOTMAPLEPALMETTO
29.3%
ANALRUTNATURAL
20.2%
HAREMLOWLYEMYELLOWHAMMER
14.4%

You're not logged in!

Compare scores with friends on all Sporcle quizzes.
OR
Log In

Sporcle TV

Today on Sporcle TV


Watch our educational content, quiz creation guides, and fun videos on Sporcle TV.

Show Comments

Extras

Top Quizzes Today


Score Distribution

Your Account Isn't Verified!

In order to create a playlist on Sporcle, you need to verify the email address you used during registration. Go to your Sporcle Settings to finish the process.

Report this User

Report this user for behavior that violates our Community Guidelines.

Details: